| 000 | 00623 a2200229 4500 | ||
|---|---|---|---|
| 005 | 20260513152749.0 | ||
| 008 | 260513b |||||||| |||| 00| 0 eng d | ||
| 020 |
_a9788170772248 _cRs. 300.000 |
||
| 040 | _aMAIN | ||
| 082 |
_a294.5924 _bD33U:R |
||
| 100 | _aUpadhayay, Gangaprasad | ||
| 245 | _aRishi dayanand ka tatav-darshan | ||
| 260 |
_aDelhi _bVijaykumar Govindram Hasanand _c2014 |
||
| 300 | _a368 | ||
| 650 | _aReligion | ||
| 650 | _aDayananda Saraswati-Philosophy | ||
| 650 | _aArya Samaj | ||
| 650 | _aHindu Philosophy | ||
| 650 | _aVedic Philosophy | ||
| 700 | _aRoopchander (Deepak) | ||
| 942 | _cBK | ||
| 999 |
_c397068 _d397068 |
||